000 00514nam a2200181Ia 4500
003 LK-CoDNM
008 010623t2002 xxu||||| |||| 00| 1 sin d
040 _aLK-CoDNM
_dLK-CoDNM
_eLK-CoDNM
041 _asin
080 _a(x) Polonnaruwa-GUN
100 _aGunasiri, Rohan
245 _aඓතිහාසික උරුමය පොළොන්නරුව
246 _aIthihasika Urumaya Polonnaruwa
260 _bS.T.S.Publication
_c2002
300 _b32, 18.5 cm
650 _aPolonnaruwa
942 _cBK
999 _c121938
_d121938